[Event "Apelnstedt op"]
[Site "Apelnstedt"]
[Date "2025.06.29"]
[Round "8"]
[White "Daemmig, Matthias"]
[Black "Weber, Dirk"]
[Result "0-1"]
[WhiteElo "2038"]
[BlackElo "2223"]
[PlyCount "102"]
[EventDate "2025.06.29"]
[EventType "swiss"]
[EventRounds "9"]
[EventCountry "GER"]
[SourceTitle "CB27_2025"]
[SourceDate "2025.07.02"]
[SourceVersion "1"]
[SourceVersionDate "2025.07.02"]
[SourceQuality "1"]

1. d4 Nf6 2. Nf3 c5 3. g3 e6 4. Bg2 Qc7 5. 0-0 cxd4 6. Nxd4 a6 7. Nc3 Be7 8. e4 d6 9. Be3 Nbd7 10. f4 Rb8 11. Qe2 b5 12. e5 dxe5 13. Nc6 Rb6 14. Nxe7 Kxe7 15. Bxb6 Qxb6+ 16. Kh1 exf4 17. Rxf4 Bb7 18. a3 Rc8 19. Rd1 Rc5 20. Rdf1 a5 21. Bxb7 Qxb7+ 22. Qg2 Qxg2+ 23. Kxg2 Ne5 24. h3 Nc4 25. Nd1 Rd5 26. Kg1 e5 27. Rf5 Ke6 28. g4 h6 29. g5 hxg5 30. Rxg5 g6 31. Rg2 Nh5 32. Re1 Nf4 33. Rg3 f5 34. h4 Kf6 35. Nc3 Rd2 36. Nxb5 Ne2+ 37. Rxe2 Rxe2 38. Rc3 Nxb2 39. Rc6+ Kg7 40. c4 Rc2 41. Nd6 e4 42. h5 e3 43. hxg6 Kxg6 44. Ne4+ Kg7 45. Ng3 Rf2 46. Re6 Nxc4 47. a4 f4 48. Nf5+ Kf7 49. Re4 Nd2 50. Rd4 Nf3+ 51. Kh1 Rh2# 0-1

[Event "Apelnstedt op"]
[Site "Apelnstedt"]
[Date "2025.06.29"]
[Round "7"]
[White "Hagemann, Sven"]
[Black "Daemmig, Matthias"]
[Result "0-1"]
[WhiteElo "1998"]
[BlackElo "2038"]
[PlyCount "82"]
[EventDate "2025.06.29"]
[EventType "swiss"]
[EventRounds "9"]
[EventCountry "GER"]
[SourceTitle "CB27_2025"]
[SourceDate "2025.07.02"]
[SourceVersion "1"]
[SourceVersionDate "2025.07.02"]
[SourceQuality "1"]

1. e4 c5 2. Nc3 e6 3. Nf3 Nf6 4. d4 cxd4 5. Nxd4 d6 6. g4 Nc6 7. Be3 Nxd4 8. Bxd4 e5 9. Bb5+ Bd7 10. Be3 Bxb5 11. Nxb5 Qa5+ 12. Nc3 Nxe4 13. Qd5 Qxd5 14. Nxd5 Kd7 15. 0-0-0 Be7 16. Rhe1 Nf6 17. Nxf6+ gxf6 18. f4 Rhg8 19. h3 h5 20. g5 exf4 21. gxf6 fxe3 22. fxe7 Rg3 23. Rd3 Rxh3 24. Rdxe3 Rxe3 25. Rxe3 Re8 26. Rh3 Rh8 27. Kd2 Kxe7 28. Ke3 h4 29. Ke4 Ke6 30. c4 f5+ 31. Kf4 Kf6 32. b3 b6 33. Rh2 h3 34. Kg3 Kg5 35. Kf3 f4 36. a4 Kf5 37. b4 Rh6 38. a5 bxa5 39. bxa5 a6 40. Kf2 Kg4 41. Kf1 Kg3 0-1

[Event "Apelnstedt op"]
[Site "Apelnstedt"]
[Date "2025.06.29"]
[Round "9"]
[White "Roy, Amritesh"]
[Black "Daemmig, Matthias"]
[Result "0-1"]
[WhiteElo "2018"]
[BlackElo "2038"]
[PlyCount "64"]
[EventDate "2025.06.29"]
[EventType "swiss"]
[EventRounds "9"]
[EventCountry "GER"]
[SourceTitle "CB27_2025"]
[SourceDate "2025.07.02"]
[SourceVersion "1"]
[SourceVersionDate "2025.07.02"]
[SourceQuality "1"]

1. d4 Nf6 2. Bf4 d5 3. e3 e6 4. Nd2 Be7 5. Bd3 0-0 6. Ngf3 b6 7. Ne5 Bb7 8. Qf3 c5 9. c3 Nc6 10. Qh3 g6 11. Ndf3 Ne4 12. Nd2 Nxe5 13. Bxe5 Bf6 14. Nf3 Ng5 15. Qg3 Nxf3+ 16. gxf3 Bxe5 17. dxe5 d4 18. 0-0-0 Qe7 19. exd4 cxd4 20. c4 Rac8 21. Kb1 Ba6 22. Rc1 Qb4 23. b3 b5 24. cxb5 Bxb5 25. f4 Bc6 26. Rhd1 Bd5 27. Be2 Rc3 28. Rxc3 dxc3 29. Kc2 Rc8 30. Ra1 Qa3 31. Bc4 Qb2+ 32. Kd3 Qd2# 0-1

[Event "Apelnstedt op"]
[Site "Apelnstedt"]
[Date "2025.06.29"]
[Round "3"]
[White "Steiner, Daniel1"]
[Black "Daemmig, Matthias"]
[Result "1/2-1/2"]
[WhiteElo "1989"]
[BlackElo "2038"]
[PlyCount "100"]
[EventDate "2025.06.29"]
[EventType "swiss"]
[EventRounds "9"]
[EventCountry "GER"]
[SourceTitle "CB27_2025"]
[SourceDate "2025.07.02"]
[SourceVersion "1"]
[SourceVersionDate "2025.07.02"]
[SourceQuality "1"]

1. e4 c5 2. Nf3 Nf6 3. Nc3 e6 4. d4 cxd4 5. Nxd4 d6 6. Be3 Be7 7. Be2 Nc6 8. 0-0 0-0 9. Qd2 a6 10. a3 Qc7 11. Bf3 Ne5 12. Be2 b5 13. f3 Bb7 14. Rac1 d5 15. exd5 Nxd5 16. Nxd5 Bxd5 17. Bf4 Bf6 18. c3 Rfd8 19. Bg3 Qb7 20. Qe3 Nc4 21. Bxc4 Bxc4 22. Rfd1 Rac8 23. Ne2 Bxe2 24. Qxe2 Qc6 25. Bf2 h6 26. Be3 Qc7 27. Qf2 Rxd1+ 28. Rxd1 Rd8 29. Rxd8+ Qxd8 30. Qd2 Qxd2 31. Bxd2 Kf8 32. Kf2 Ke7 33. Ke3 Bg5+ 34. f4 Bf6 35. Kd3 Kd6 36. b3 Kc6 37. c4 Be7 38. b4 bxc4+ 39. Kxc4 Bd6 40. a4 f5 41. b5+ axb5+ 42. axb5+ Kb6 43. h3 h5 44. Bc1 Bc5 45. Bb2 Bd6 46. Bd4+ Kb7 47. Be3 g6 48. Bd2 Kb6 49. Be3+ Kb7 50. Bd2 Kb6 1/2-1/2

[Event "GER-ch Net blitz qual2"]
[Site "Playchess.com INT"]
[Date "2021.05.04"]
[Round "11"]
[White "Daemmig, Matthias"]
[Black "Schulz, Bernd"]
[Result "1-0"]
[WhiteElo "1995"]
[BlackElo "1770"]
[PlyCount "57"]
[EventDate "2021.05.04"]
[EventType "swiss (blitz)"]
[EventRounds "11"]
[EventCountry "GER"]
[SourceTitle "CBM 202 Extra"]
[Source "ChessBase"]
[SourceDate "2021.07.31"]
[SourceVersion "1"]
[SourceVersionDate "2021.07.31"]
[SourceQuality "1"]

1. e4 e5 2. d4 exd4 3. Bc4 Bc5 4. Nf3 d6 5. 0-0 Bg4 6. c3 dxc3 7. Nxc3 Nc6 8. Qd5 Be6 9. Qd3 Bxc4 10. Qxc4 Nge7 11. e5 0-0 12. Bf4 dxe5 13. Qxc5 exf4 14. Rad1 Qe8 15. Rfe1 Rd8 16. Nd5 Rd7 17. Nxf4 Qd8 18. Rxd7 Qxd7 19. Ne5 Nxe5 20. Qxe5 Nc6 21. Qb5 Qd2 22. Nd3 a6 23. Qxb7 Nd4 24. Qe4 Nc2 25. Rf1 h6 26. h3 Rd8 27. Ne5 Rd4 28. Qf5 f6 29. Nf3 1-0

[Event "GER-ch Net blitz qual2"]
[Site "Playchess.com INT"]
[Date "2021.05.04"]
[Round "7"]
[White "Goldenstein, Arnd"]
[Black "Daemmig, Matthias"]
[Result "0-1"]
[WhiteElo "1732"]
[BlackElo "1995"]
[PlyCount "60"]
[EventDate "2021.05.04"]
[EventType "swiss (blitz)"]
[EventRounds "11"]
[EventCountry "GER"]
[SourceTitle "CBM 202 Extra"]
[Source "ChessBase"]
[SourceDate "2021.07.31"]
[SourceVersion "1"]
[SourceVersionDate "2021.07.31"]
[SourceQuality "1"]

1. d4 Nf6 2. c4 g6 3. Nc3 Bg7 4. e4 0-0 5. Nf3 d6 6. Be2 e5 7. 0-0 exd4 8. Nxd4 Re8 9. f3 c6 10. Be3 d5 11. cxd5 cxd5 12. Bb5 Bd7 13. Bg5 dxe4 14. Nxe4 Bxb5 15. Nxb5 Qb6+ 16. Nd4 Nxe4 17. fxe4 Qxd4+ 18. Kh1 Nc6 19. Qb3 Qd7 20. Rad1 Qc7 21. Qe3 Re6 22. Bh6 Rae8 23. Bxg7 Kxg7 24. Qc3+ Kg8 25. b4 Qe5 26. Qb3 Qxe4 27. b5 Nd4 28. Qc4 Nf5 29. Qc7 R6e7 30. Qc3 Ne3 0-1

[Event "GER-ch Net blitz qual2"]
[Site "Playchess.com INT"]
[Date "2021.05.04"]
[Round "5"]
[White "Koelle, Tobias"]
[Black "Daemmig, Matthias"]
[Result "1-0"]
[WhiteElo "2324"]
[BlackElo "1995"]
[PlyCount "83"]
[EventDate "2021.05.04"]
[EventType "swiss (blitz)"]
[EventRounds "11"]
[EventCountry "GER"]
[SourceTitle "CBM 202 Extra"]
[Source "ChessBase"]
[SourceDate "2021.07.31"]
[SourceVersion "1"]
[SourceVersionDate "2021.07.31"]
[SourceQuality "1"]

1. e4 c5 2. Nf3 Nf6 3. e5 Nd5 4. Nc3 e6 5. Ne4 f5 6. Nc3 Nc7 7. d4 cxd4 8. Nxd4 Nc6 9. Nxc6 bxc6 10. Bc4 Qh4 11. Bd3 Bb4 12. 0-0 0-0 13. f4 Bc5+ 14. Kh1 Ba6 15. Bxa6 Nxa6 16. Qxd7 Nb4 17. Qxe6+ Kh8 18. Bd2 Nxc2 19. Rac1 Ne3 20. Rf3 Ng4 21. h3 Nf2+ 22. Kh2 Rad8 23. Be1 Ng4+ 24. Kh1 Nf2+ 25. Bxf2 Bxf2 26. Rf1 Bb6 27. Na4 Rd2 28. Nxb6 axb6 29. Qxc6 Rxb2 30. Rb3 Rxb3 31. axb3 Qd8 32. Kh2 h6 33. b4 Qd4 34. b5 g5 35. Qxh6+ Kg8 36. Qg6+ Kh8 37. Qh6+ Kg8 38. Qxg5+ Kh8 39. Qh6+ Kg8 40. Qg6+ Kh8 41. Rf3 Qd7 42. Qh6+ 1-0

[Event "GER-ch NSV Online 1st"]
[Site "Playchess.com INT"]
[Date "2020.04.26"]
[Round "10"]
[White "Bargsten, Justus"]
[Black "Daemmig, Matthias"]
[Result "1-0"]
[WhiteElo "2052"]
[BlackElo "2059"]
[PlyCount "135"]
[EventDate "2020.04.26"]
[EventType "swiss (blitz)"]
[EventRounds "13"]
[EventCountry "GER"]
[SourceTitle "CBM 196 Extra"]
[Source "ChessBase"]
[SourceDate "2020.07.31"]
[SourceVersion "1"]
[SourceVersionDate "2020.07.31"]
[SourceQuality "1"]

1. e4 c5 2. Nf3 Nf6 3. d4 Nxe4 4. Bd3 Nf6 5. dxc5 Qa5+ 6. Nc3 Qxc5 7. Be3 Qh5 8. 0-0 a6 9. Qd2 Nc6 10. Rfe1 e6 11. Rad1 Be7 12. h3 0-0 13. Be2 Qa5 14. a3 d5 15. Nd4 Nxd4 16. Bxd4 Qc7 17. Qg5 Ne8 18. Qh5 Bf6 19. Bd3 g6 20. Qg4 Bxd4 21. Qxd4 Bd7 22. h4 Qd8 23. h5 Qf6 24. Qg4 Nd6 25. Nxd5 exd5 26. Qxd7 Rad8 27. Qe7 Qxb2 28. Rb1 Qg7 29. Rb6 Rfe8 30. Rxd6 Rxe7 31. Rxd8+ Qf8 32. Rxf8+ Kxf8 33. Rb1 gxh5 34. Bxh7 Rc7 35. Rb6 Kg7 36. Bd3 Rc3 37. Rxb7 Rxa3 38. Rd7 a5 39. Rxd5 a4 40. Ra5 Ra1+ 41. Kh2 h4 42. Ra7 a3 43. Bc4 Kg6 44. Bxf7+ Kg5 45. Bb3 Kf4 46. Ra4+ Kg5 47. f4+ Kg4 48. Be6+ Kh5 49. f5 Kg5 50. g3 hxg3+ 51. Kxg3 Rc1 52. Rxa3 Rxc2 53. Ra7 Rc3+ 54. Kf2 Rc2+ 55. Ke3 Rc3+ 56. Kd4 Rc1 57. Rg7+ Kf6 58. Rf7+ Kg5 59. Ke5 Re1+ 60. Kd6 Rd1+ 61. Ke7 Re1 62. f6 Kg6 63. Rg7+ Kh6 64. Rg3 Rf1 65. f7 Kh7 66. f8Q Rf7+ 67. Qxf7+ Kh8 68. Qg7# 1-0

[Event "GER-ch NSV Online 1st"]
[Site "Playchess.com INT"]
[Date "2020.04.26"]
[Round "11"]
[White "Daemmig, Matthias"]
[Black "Bennemann, Ingmar"]
[Result "1-0"]
[WhiteElo "2059"]
[BlackElo "2085"]
[PlyCount "117"]
[EventDate "2020.04.26"]
[EventType "swiss (blitz)"]
[EventRounds "13"]
[EventCountry "GER"]
[SourceTitle "CBM 196 Extra"]
[Source "ChessBase"]
[SourceDate "2020.07.31"]
[SourceVersion "1"]
[SourceVersionDate "2020.07.31"]
[SourceQuality "1"]

1. d4 d6 2. e4 g6 3. c4 Bg7 4. Nc3 c5 5. dxc5 dxc5 6. Qxd8+ Kxd8 7. Bd2 Nc6 8. 0-0-0 Bd7 9. Nf3 a6 10. Bf4 f6 11. Nd5 Nd4 12. Nxd4 cxd4 13. Rxd4 e5 14. Rd1 exf4 15. Nb6 Kc7 16. Rxd7+ Kxb6 17. Rxg7 Nh6 18. f3 Rac8 19. Rd7 Rc7 20. Rxc7 Kxc7 21. Be2 Nf7 22. Rd1 Ne5 23. c5 a5 24. Bb5 g5 25. Kc2 h5 26. Rd6 Rf8 27. Re6 g4 28. Re7+ Kc8 29. Be2 Nc6 30. Rh7 Rd8 31. fxg4 Nd4+ 32. Kd1 f3 33. gxf3 Nxf3+ 34. Kc1 hxg4 35. Rf7 Rd4 36. Rxf6 Rxe4 37. Bxf3 gxf3 38. Rxf3 Rh4 39. Rf2 Kc7 40. Kc2 Rc4+ 41. Kb3 Rxc5 42. h4 Rh5 43. Rh2 Kc6 44. Kc4 b5+ 45. Kd4 b4 46. Ke4 Kc5 47. Kf4 a4 48. Rc2+ Kd4 49. Kg4 Rh8 50. h5 Rg8+ 51. Kf5 Rg1 52. Rh2 Rf1+ 53. Ke6 Re1+ 54. Kd6 Ke4 55. h6 Rd1+ 56. Kc5 Rd8 57. h7 Rh8 58. Kxb4 Kd4 59. Kxa4 1-0

[Event "GER-ch NSV Online 1st"]
[Site "Playchess.com INT"]
[Date "2020.04.26"]
[Round "2"]
[White "Langer, Michael Sebastian"]
[Black "Daemmig, Matthias"]
[Result "1-0"]
[WhiteElo "1913"]
[BlackElo "2059"]
[PlyCount "128"]
[EventDate "2020.04.26"]
[EventType "swiss (blitz)"]
[EventRounds "13"]
[EventCountry "GER"]
[SourceTitle "CBM 196 Extra"]
[Source "ChessBase"]
[SourceDate "2020.07.31"]
[SourceVersion "1"]
[SourceVersionDate "2020.07.31"]
[SourceQuality "1"]

1. Nf3 c5 2. c4 g6 3. d4 cxd4 4. Nxd4 Bg7 5. e4 Nc6 6. Be3 Nf6 7. Nc3 d6 8. Be2 0-0 9. 0-0 Bd7 10. f3 Nh5 11. Qd2 Nxd4 12. Bxd4 Nf4 13. Bxg7 Nxe2+ 14. Nxe2 Kxg7 15. Qd4+ Kg8 16. Rac1 Be6 17. Rfd1 Qa5 18. Nc3 Rfc8 19. b3 a6 20. Rd2 Rc7 21. Rcd1 b5 22. Nd5 Bxd5 23. Qxd5 Rac8 24. cxb5 Qxb5 25. Qxb5 axb5 26. Kf2 Rc2 27. Ke2 Kf8 28. Rxc2 Rxc2+ 29. Rd2 Rc1 30. Kd3 Ke8 31. Rc2 Rg1 32. Kc3 e6 33. Kb4 Kd7 34. Kxb5 d5 35. exd5 exd5 36. a4 d4 37. Rd2 Kc7 38. g3 Rf1 39. f4 Rf3 40. b4 d3 41. Kc4 Kc6 42. Rxd3 Rf2 43. b5+ Kc7 44. h4 h5 45. a5 f6 46. Kd5 g5 47. fxg5 fxg5 48. hxg5 Rf5+ 49. Kc4 Rxg5 50. b6+ Kb7 51. Rd7+ Kc6 52. Rh7 Rg4+ 53. Kd3 Rxg3+ 54. Ke4 Rg5 55. b7 Rb5 56. a6 Rb4+ 57. Kf5 h4 58. Kf6 h3 59. Rxh3 Kc7 60. Ke7 Rb6 61. Rh8 Rxa6 62. b8Q+ Kc6 63. Qc8+ Kb5 64. Qxa6+ Kxa6 1-0

[Event "Langenhagen Summer op 1st"]
[Site "Langenhagen"]
[Date "2019.07.05"]
[Round "3"]
[White "Dornieden, Jonas"]
[Black "Daemmig, Matthias"]
[Result "1/2-1/2"]
[WhiteElo "1824"]
[BlackElo "2059"]
[PlyCount "120"]
[EventDate "2019.07.04"]
[EventType "swiss"]
[EventRounds "7"]
[EventCountry "GER"]
[SourceTitle "EXT 2020"]
[Source "ChessBase"]
[SourceDate "2019.10.17"]
[SourceVersion "1"]
[SourceVersionDate "2019.10.17"]
[SourceQuality "1"]

1. d4 c5 2. d5 d6 3. c4 g6 4. Bd2 Bg7 5. Bc3 Nf6 6. Nf3 0-0 7. Nbd2 b5 8. b3 Nbd7 9. e4 bxc4 10. Bxc4 Nb6 11. Qc2 Nxc4 12. Nxc4 e6 13. dxe6 Bxe6 14. Nxd6 Qxd6 15. e5 Qa6 16. exf6 Bf5 17. Qe2 Rfe8 18. Ne5 Qxf6 19. f4 Qe6 20. 0-0 f6 21. g4 Bxg4 22. Qxg4 fxe5 23. Qxe6+ Rxe6 24. fxe5 Bxe5 25. Rae1 Rae8 26. Bxe5 Rxe5 27. Rxe5 Rxe5 28. Rd1 Kf7 29. Rd7+ Re7 30. Rd5 Rc7 31. Rd6 Kg7 32. Kg2 Kh6 33. h4 c4 34. bxc4 Rxc4 35. Kg3 Ra4 36. Rd2 Kg7 37. Rd7+ Kh6 38. Rd2 a5 39. Rc2 Kg7 40. Rc7+ Kf6 41. Rxh7 Rxa2 42. h5 Ra3+ 43. Kg2 g5 44. Ra7 Ra4 45. h6 Kg6 46. h7 Rh4 47. Ra6+ Kxh7 48. Rxa5 Kg6 49. Kg3 Rb4 50. Ra8 Rb6 51. Kg4 Rb4+ 52. Kg3 Rf4 53. Rg8+ Kf6 54. Rf8+ Ke5 55. Rxf4 gxf4+ 56. Kf3 Kf5 57. Kf2 Kg4 58. Kg2 f3+ 59. Kf2 Kf4 60. Kf1 Kg4 1/2-1/2

[Event "Hannover Bezirk-ch A"]
[Site "Hannover"]
[Date "2018.10.06"]
[Round "5.4"]
[White "Daemmig, Matthias"]
[Black "Wittur, Helge"]
[Result "1-0"]
[WhiteElo "2083"]
[BlackElo "1964"]
[PlyCount "39"]
[EventDate "2018.10.04"]
[EventType "swiss"]
[EventRounds "7"]
[EventCountry "GER"]
[SourceTitle "EXT 2022"]
[Source "ChessBase"]
[SourceDate "2021.10.06"]
[SourceVersion "1"]
[SourceVersionDate "2021.10.06"]
[SourceQuality "1"]

1. d4 Nf6 2. Nf3 g6 3. g3 Bg7 4. Bg2 0-0 5. 0-0 d6 6. c4 c6 7. Nc3 Qc7 8. e4 e5 9. Qc2 Nbd7 10. Rd1 exd4 11. Nxd4 Ne5 12. b3 Rd8 13. h3 a6 14. f4 Ned7 15. Be3 Nf8 16. Rd2 d5 17. cxd5 cxd5 18. e5 Ne4 19. Nxe4 Qxc2 20. Nxc2 1-0

[Event "Hannover Bezirk-ch A"]
[Site "Hannover"]
[Date "2018.10.06"]
[Round "6.5"]
[White "Kiesel, Lucas"]
[Black "Daemmig, Matthias"]
[Result "1-0"]
[WhiteElo "1948"]
[BlackElo "2083"]
[PlyCount "99"]
[EventDate "2018.10.04"]
[EventType "swiss"]
[EventRounds "7"]
[EventCountry "GER"]
[SourceTitle "EXT 2022"]
[Source "ChessBase"]
[SourceDate "2021.10.06"]
[SourceVersion "1"]
[SourceVersionDate "2021.10.06"]
[SourceQuality "1"]

1. d4 d6 2. c4 e5 3. dxe5 dxe5 4. Qxd8+ Kxd8 5. Nc3 Be6 6. Nf3 f6 7. e3 Nh6 8. Bd2 c6 9. 0-0-0 Kc7 10. Be2 Nd7 11. h3 Rd8 12. Ne4 Nf7 13. Bc3 Be7 14. Nfd2 Bf5 15. Bg4 Bg6 16. Be6 Nf8 17. Bxf7 Bxf7 18. f4 exf4 19. exf4 Ne6 20. g3 Nc5 21. Nxc5 Bxc5 22. Ne4 Be3+ 23. Bd2 Bd4 24. b3 Rd7 25. g4 Re8 26. Rhe1 Rde7 27. Ng3 Rxe1 28. Rxe1 Rxe1+ 29. Bxe1 Bg6 30. f5 Bf7 31. Ne2 Be5 32. Kd2 g6 33. fxg6 Bxg6 34. Bg3 Kd6 35. Ke3 a5 36. h4 h6 37. Bf4 h5 38. Bxe5+ fxe5 39. g5 Kc5 40. Nc1 Bb1 41. Nd3+ Kd6 42. a3 b6 43. c5+ bxc5 44. Nb2 Ke6 45. Nc4 Kf5 46. Nxa5 Ba2 47. a4 Ke6 48. Kd2 Kf5 49. Kc2 e4 50. Nc4 1-0

[Event "Hannover Bezirks op"]
[Site "Hannover"]
[Date "2018.01.27"]
[Round "1.3"]
[White "Juerke, Uwe"]
[Black "Daemmig, Matthias"]
[Result "0-1"]
[WhiteElo "1764"]
[BlackElo "2081"]
[PlyCount "120"]
[EventDate "2018.01.27"]
[EventType "swiss"]
[EventRounds "7"]
[EventCountry "GER"]
[SourceTitle "EXT 2022"]
[Source "ChessBase"]
[SourceDate "2021.10.06"]
[SourceVersion "1"]
[SourceVersionDate "2021.10.06"]
[SourceQuality "1"]

1. d4 Nf6 2. Bf4 g6 3. c4 Bg7 4. Nc3 0-0 5. Qd2 d6 6. Bh6 c5 7. Bxg7 Kxg7 8. d5 e6 9. e3 exd5 10. cxd5 Bd7 11. Bd3 Na6 12. Bxa6 bxa6 13. Nge2 Rb8 14. 0-0 Re8 15. f3 Qa5 16. e4 Qb4 17. Rab1 Bb5 18. Rfd1 Nd7 19. f4 Nf6 20. Ng3 h5 21. a3 Qb3 22. h4 Bd7 23. f5 Re5 24. Rf1 Qb6 25. fxg6 fxg6 26. Qf4 Rf8 27. Nd1 Nh7 28. Qd2 Rxf1+ 29. Kxf1 Qd8 30. Qf4 Bg4 31. Ne3 Re8 32. Nxg4 Rf8 33. Nf5+ gxf5 34. Nh6 fxe4 35. Nf5+ Kh8 36. Kg1 e3 37. Qxd6 Qxd6 38. Nxd6 Nf6 39. Rf1 Kg8 40. Nf5 Nxd5 41. Nh6+ Kg7 42. Rxf8 Kxf8 43. Nf5 Kf7 44. Nd6+ Ke6 45. Ne4 Ke5 46. Nc3 Nxc3 47. bxc3 Kf4 48. Kf1 Kg3 49. Ke2 Kxg2 50. Kxe3 Kg3 51. Ke4 Kxh4 52. Kd5 Kg5 53. Kxc5 h4 54. Kd6 h3 55. c4 h2 56. c5 h1Q 57. c6 Qd1+ 58. Kc7 Qa4 59. Kb7 Qxa3 60. c7 Qc5 0-1

[Event "Niedersachsen-ch op A"]
[Site "Verden"]
[Date "2018.01.05"]
[Round "3"]
[White "Daemmig, Matthias"]
[Black "Aden, Dagmar"]
[Result "1-0"]
[WhiteElo "2042"]
[BlackElo "1798"]
[PlyCount "85"]
[EventDate "2018.01.04"]
[EventType "swiss"]
[EventRounds "7"]
[EventCountry "GER"]
[SourceTitle "EXT 2022"]
[Source "ChessBase"]
[SourceDate "2021.10.06"]
[SourceVersion "1"]
[SourceVersionDate "2021.10.06"]
[SourceQuality "1"]

1. d4 d5 2. Nf3 Nf6 3. g3 e6 4. Bg2 Be7 5. 0-0 0-0 6. c4 Nbd7 7. Qc2 c6 8. Rd1 Ne4 9. Ne5 Nxe5 10. dxe5 f5 11. Nc3 Qe8 12. Be3 Qf7 13. f3 Nxc3 14. Qxc3 Bd7 15. f4 Rfd8 16. Qb3 b6 17. cxd5 cxd5 18. Rxd5 Be8 19. Rxd8 Rxd8 20. a4 Bc5 21. Bxc5 bxc5 22. Rd1 Rxd1+ 23. Qxd1 Qc7 24. e4 g6 25. exf5 gxf5 26. g4 Bg6 27. Qd6 Qxd6 28. exd6 Be8 29. gxf5 exf5 30. Bd5+ Kf8 31. a5 Bd7 32. Kf2 Kg7 33. Ke3 Kf6 34. Kd3 Bb5+ 35. Kc3 h6 36. b4 cxb4+ 37. Kxb4 Bd7 38. Kc5 h5 39. h4 Be8 40. Bc6 Bf7 41. Bd7 Bb3 42. Kc6 a6 43. Kc7 1-0

[Event "Niedersachsen-ch op A"]
[Site "Verden"]
[Date "2018.01.04"]
[Round "2"]
[White "Laubrock, Paul"]
[Black "Daemmig, Matthias"]
[Result "1/2-1/2"]
[WhiteElo "1936"]
[BlackElo "2042"]
[PlyCount "84"]
[EventDate "2018.01.04"]
[EventType "swiss"]
[EventRounds "7"]
[EventCountry "GER"]
[SourceTitle "EXT 2022"]
[Source "ChessBase"]
[SourceDate "2021.10.06"]
[SourceVersion "1"]
[SourceVersionDate "2021.10.06"]
[SourceQuality "1"]

1. d4 Nf6 2. Nc3 d5 3. Bg5 Bf5 4. Bxf6 gxf6 5. e3 c6 6. Bd3 Bg6 7. Bxg6 hxg6 8. Nf3 f5 9. Qd2 Nd7 10. 0-0-0 e6 11. Ne2 b5 12. Ne5 Nxe5 13. dxe5 Bg7 14. f4 a5 15. h3 Qb6 16. g4 fxg4 17. hxg4 0-0-0 18. Nd4 c5 19. Nf3 f6 20. exf6 Bxf6 21. Rxh8 Rxh8 22. g5 Bg7 23. e4 d4 24. c3 Qc6 25. cxd4 cxd4+ 26. Qc2 Qxc2+ 27. Kxc2 Rf8 28. e5 Rxf4 29. Nxd4 Bxe5 30. Nxe6 Rf2+ 31. Rd2 Rxd2+ 32. Kxd2 Bd6 33. Kd3 Kd7 34. Nd4 Bf4 35. Nf3 Kd6 36. Nh4 Bxg5 37. Nxg6 Bf6 38. b3 Bg5 39. Kd4 Bf6+ 40. Kd3 Be5 41. Nxe5 Kxe5 42. a4 bxa4 1/2-1/2

[Event "Hannover Bezirk-ch C"]
[Site "Lehrte"]
[Date "2017.10.29"]
[Round "3.5"]
[White "Rossberg, Jonathan"]
[Black "Daemmig, Matthias"]
[Result "1-0"]
[WhiteElo "1836"]
[BlackElo "2119"]
[PlyCount "81"]
[EventDate "2017.10.28"]
[EventType "swiss"]
[EventRounds "7"]
[EventCountry "GER"]
[SourceTitle "EXT 2022"]
[Source "ChessBase"]
[SourceDate "2021.10.06"]
[SourceVersion "1"]
[SourceVersionDate "2021.10.06"]
[SourceQuality "1"]

1. e4 c6 2. d4 d5 3. e5 c5 4. c3 Nc6 5. Bb5 Qb6 6. Ba4 e6 7. Nf3 Bd7 8. 0-0 Rc8 9. a3 cxd4 10. cxd4 Nge7 11. Bc2 Nf5 12. Bxf5 exf5 13. Nc3 Be6 14. Na4 Qb5 15. b4 Be7 16. Bd2 0-0 17. Nc5 Nb8 18. Ng5 Bxg5 19. Bxg5 b6 20. Nb7 Rc7 21. Nd6 Qd7 22. f4 f6 23. Bh4 fxe5 24. dxe5 Nc6 25. Rf3 Nd8 26. Bxd8 Rxd8 27. Rc1 h6 28. Rfc3 Rxc3 29. Rxc3 Qe7 30. Rc6 Kh7 31. Qc2 g6 32. b5 Rd7 33. Rc8 Qh4 34. g3 Qg4 35. Kg2 d4 36. Rc7 g5 37. Ne8 Bd5+ 38. Kg1 Qf3 39. Qxf5+ Kh8 40. Qf8+ Bg8 41. Qf6+ 1-0

[Event "Hannover Ihme Cup"]
[Site "Hannover"]
[Date "2017.04.29"]
[Round "3.12"]
[White "Daemmig, Matthias"]
[Black "Hennings, Dirk"]
[Result "1-0"]
[WhiteElo "2094"]
[BlackElo "1744"]
[PlyCount "73"]
[EventDate "2017.04.28"]
[EventType "swiss"]
[EventRounds "5"]
[EventCountry "GER"]
[SourceTitle "EXT 2022"]
[Source "ChessBase"]
[SourceDate "2021.10.06"]
[SourceVersion "1"]
[SourceVersionDate "2021.10.06"]
[SourceQuality "1"]

1. e4 c5 2. Nf3 Nc6 3. c3 g6 4. d4 cxd4 5. cxd4 Bg7 6. Nc3 d6 7. Be3 Nf6 8. Be2 0-0 9. 0-0 Ng4 10. Bg5 h6 11. Bd2 a6 12. h3 Nf6 13. d5 Nb8 14. Be3 Nbd7 15. Qd2 b5 16. b4 a5 17. Bxh6 axb4 18. Bxg7 bxc3 19. Qh6 Nh7 20. Bxb5 Ndf6 21. Ng5 Rb8 22. a4 Bd7 23. Nxh7 Nxh7 24. Bxf8 Nxf8 25. Bxd7 Nxd7 26. f4 Qb6+ 27. Kh2 Qd4 28. f5 Qxe4 29. fxg6 Qxg6 30. Qxg6+ fxg6 31. a5 Nc5 32. a6 Nb3 33. a7 Ra8 34. Rfb1 Rxa7 35. Rxa7 c2 36. Rc1 Nxc1 37. Rc7 1-0

[Event "Hannover Ihme Cup"]
[Site "Hannover"]
[Date "2017.04.28"]
[Round "1.10"]
[White "Daemmig, Matthias"]
[Black "Juerke, Uwe"]
[Result "1-0"]
[WhiteElo "2094"]
[BlackElo "1769"]
[PlyCount "49"]
[EventDate "2017.04.28"]
[EventType "swiss"]
[EventRounds "5"]
[EventCountry "GER"]
[SourceTitle "EXT 2022"]
[Source "ChessBase"]
[SourceDate "2021.10.06"]
[SourceVersion "1"]
[SourceVersionDate "2021.10.06"]
[SourceQuality "1"]

1. e4 d6 2. d4 Nf6 3. f3 g6 4. c4 Bg7 5. Nc3 Nbd7 6. Be3 e5 7. d5 0-0 8. Bd3 Nh5 9. Nge2 a6 10. Qd2 Re8 11. g4 Nf4 12. Nxf4 exf4 13. Bxf4 Ne5 14. Be2 f5 15. gxf5 gxf5 16. 0-0-0 b5 17. Rhg1 Kh8 18. Bg5 Bf6 19. Bxf6+ Qxf6 20. cxb5 axb5 21. Bxb5 Nxf3 22. Qe3 Nxg1 23. Bxe8 fxe4 24. Bc6 Rb8 25. Rxg1 1-0

[Event "Hannover-chC"]
[Site "Lehrte"]
[Date "2015.10.30"]
[Round "4"]
[White "Daemmig, Matthias"]
[Black "Ehlert, Horst"]
[Result "1-0"]
[WhiteElo "2072"]
[BlackElo "1913"]
[PlyCount "74"]
[EventDate "2015.10.29"]
[EventType "swiss"]
[EventRounds "7"]
[EventCountry "GER"]
[SourceTitle "EXT 2021"]
[Source "ChessBase"]
[SourceDate "2020.10.23"]
[SourceVersion "1"]
[SourceVersionDate "2020.10.23"]
[SourceQuality "1"]

1. e4 c5 2. c3 d5 3. exd5 Qxd5 4. d4 cxd4 5. cxd4 Nc6 6. Nf3 Bg4 7. Be2 e6 8. Nc3 Bb4 9. 0-0 Qa5 10. Bf4 Nf6 11. Nb5 Nd5 12. Nd6+ Bxd6 13. Bxd6 Rd8 14. Bc5 b6 15. Rc1 bxc5 16. Rxc5 Qxa2 17. Rxc6 0-0 18. Ng5 Bxe2 19. Qxe2 h6 20. Ra6 Qb3 21. Ra3 Qb6 22. Nf3 a5 23. Rfa1 Ra8 24. Qd2 Rfb8 25. b3 Qb4 26. Qd3 Ra7 27. Ne5 Rc7 28. h3 Rc3 29. Qd1 Rb5 30. Qh5 Rc7 31. Qh4 Qd2 32. Nc4 Qc3 33. Nxa5 Ra7 34. Kh2 Qc7+ 35. Qg3 Qc2 36. Nc4 Rxa3 37. Rxa3 Nc3 1-0